| 000 | 00666cam a22002171 4500 | ||
|---|---|---|---|
| 001 | ca 31000845 | ||
| 003 | DLC | ||
| 005 | 20260227111126.0 | ||
| 008 | 930503s1930 pl a 000 0 pol | ||
| 010 | _aca 31000845 | ||
| 035 | _a(OCoLC)28035661 | ||
| 040 |
_aDLC _cCU _dCU _dDLC |
||
| 043 | _ae-pl--- | ||
| 050 | 0 | 0 |
_aD551 _b.L53 1930 |
| 100 | 1 |
_aLipiński, Wacław, _d1896-1949. |
|
| 245 | 1 | 0 | _aOd Wilna po Dynaburg (wspomnienia z walk 5 p. p. legjonów) |
| 250 | _aWydanie 2., siódmy-dziesiąty tysiąc. | ||
| 260 |
_aWarszawa, _bWojskowy instytut naukowo-wydawniczy, _c1930. |
||
| 300 |
_ax, 176 p. _billus. _c21 cm. |
||
| 651 | 0 |
_aPoland _xHistory _y1918-1945. |
|
| 999 |
_c16863 _d16863 |
||